| 000 | 00753cam a22002411 4500 | ||
|---|---|---|---|
| 001 | sa 67005501 | ||
| 003 | DLC | ||
| 005 | 20260227112357.0 | ||
| 008 | 860228s1966 ii ach b 000 0 eng | ||
| 010 | _asa 67005501 | ||
| 025 | _aPL480:I-E-7838 | ||
| 035 | _a(OCoLC)13211393 | ||
| 040 |
_aDLC _cCLU _dDLC |
||
| 042 | _apremarc | ||
| 050 | 0 | 0 |
_aDS479.1.G6 _bG65 |
| 082 | _a954.03/5/0924 | ||
| 245 | 0 | 0 |
_aGopal Krishna Gokhale, a centenary tribute. _cForeword by S. Radhakrishnan. |
| 260 |
_a[New Delhi] _bMaharashtra Information Centre _c[1966] |
||
| 300 |
_avii, 192 p. _billus., ports., facsims. _c31 cm. |
||
| 504 | _a"Sources of contributions": p. 178. | ||
| 504 | _aBibliography: p. 187-192. | ||
| 600 | 1 | 0 |
_aGokhale, Gopal Krishna, _d1866-1915. |
| 999 |
_c75234 _d75234 |
||